Principles of tool engineering, (Record no. 546022)
[ view plain ]
| 000 -LEADER | |
|---|---|
| fixed length control field | 00569cam a22001811 4500 |
| 082 ## - DEWEY DECIMAL CLASSIFICATION NUMBER | |
| Classification number | 612.9 |
| Author Mark | BLO |
| -- | L-24, P-11 |
| 100 1# - MAIN ENTRY--PERSONAL NAME | |
| Personal name | Bloom, Raymond R. |
| 9 (RLIN) | 42018 |
| 245 00 - TITLE STATEMENT | |
| Title | Principles of tool engineering, |
| Statement of responsibility, etc. | by Raymond R. Bloom ... |
| 250 ## - EDITION STATEMENT | |
| Edition statement | 1st ed. |
| 260 ## - PUBLICATION, DISTRIBUTION, ETC. | |
| Place of publication, distribution, etc. | New York, |
| -- | London, |
| Name of publisher, distributor, etc. | McGraw-Hill Book Company, inc. |
| Date of publication, distribution, etc. | [1946] |
| 300 ## - PHYSICAL DESCRIPTION | |
| Extent | xi, 234 p. |
| Other physical details | illus., diagrs. |
| Dimensions | 23 cm. |
| 526 ## - STUDY PROGRAM INFORMATION NOTE | |
| Program name | 0 |
| Interest level | 0 |
| Reading level | 0 |
| Title point value | 612_900000000000000_BLO |
| 650 #0 - SUBJECT ADDED ENTRY--TOPICAL TERM | |
| Topical term or geographic name entry element | Gages. |
| 9 (RLIN) | 42019 |
| 650 #0 - SUBJECT ADDED ENTRY--TOPICAL TERM | |
| Topical term or geographic name entry element | Jigs and fixtures. |
| 9 (RLIN) | 42020 |
| 650 #0 - SUBJECT ADDED ENTRY--TOPICAL TERM | |
| Topical term or geographic name entry element | Machine-tools. |
| 9 (RLIN) | 25078 |
| 650 #0 - SUBJECT ADDED ENTRY--TOPICAL TERM | |
| Topical term or geographic name entry element | MCE |
| 9 (RLIN) | 379 |
| 942 ## - ADDED ENTRY ELEMENTS (KOHA) | |
| Source of classification or shelving scheme | |
| Koha item type | Book |
| Withdrawn status | Lost status | Source of classification or shelving scheme | Damaged status | Not for loan | Permanent Location | Current Location | Date acquired | Total Checkouts | Full call number | Barcode | Date last seen | Price effective from | Koha item type |
|---|---|---|---|---|---|---|---|---|---|---|---|---|---|
| Military College of Engineering (MCE) | Military College of Engineering (MCE) | 06/02/2014 | 612.9 BLO | MCE-40814 | 06/02/2014 | 06/02/2014 | Book |
